000 00521nab a2200145Ia 4500
003 ES-SlBCS
005 20210601125448.0
008 140529s1979 xxu||||| |||| 00| 0 eng d
041 _aeng
100 1 _aVitali, Theodore R.
_9157900
245 0 4 _aThe Problem of Unity in Weiss's Philosophy: A Critique of Beyond All Appearances and First Considerations
_c Theodore R. Vitali
600 1 _aWeiss, Paul-Filosofía
_9158943
773 0 _tReview of Methaphysics
_gvol. 33, nº. 130, 1979, págs. 391-412
_wRev843
942 _cAR
999 _c530724
_d530724